000 00648nam a2200217Ia 4500
003 GCL
008 140319s9999 xx 000 0 ara d
040 _aGCL /
_cGCL
082 0 4 _a301.01
_bم ب
100 1 _aمعن خليل عمر
245 1 0 _aالبناء الاجتماعى انساقه ونظمه /
_cمعن خليل عمر
260 _a[S.N] :
_bدار الشروق ،
_c1992
300 _a184 ص
490 _a
650 0 4 _aالمجتمع
650 0 4 _aالاجتماع
650 0 4 _aالتغير الاجتماعى
650 0 4 _aالبناء الاجتماعى
650 0 4 _aالنظم الاجتماعية
942 _2ddc
_cBK
999 _c55222
_d55222